Asas statistik penyelidikan / (Record no. 225)

000 -LEADER
fixed length control field nam a22 a 4500
003 - CONTROL NUMBER IDENTIFIER
control field AKMAL
005 - DATE AND TIME OF LATEST TRANSACTION
control field 20170427093657.0
008 - FIXED-LENGTH DATA ELEMENTS--GENERAL INFORMATION
fixed length control field 170427t2006 my a e | 001 0 may d
020 ## - INTERNATIONAL STANDARD BOOK NUMBER
International Standard Book Number 9833219489 (kkt.) :
Terms of availability RM37.90
040 ## - CATALOGING SOURCE
Original cataloging agency AKMAL
082 04 - DEWEY DECIMAL CLASSIFICATION NUMBER
Classification number 001.422 CHUA
Edition number 22
090 00 - LOCALLY ASSIGNED LC-TYPE CALL NUMBER (OCLC); LOCAL CALL NUMBER (RLIN)
Classification number (OCLC) (R) ; Classification number, CALL (RLIN) (NR) 001.422
Local cutter number (OCLC) ; Book number/undivided call number, CALL (RLIN) CHUA
100 1# - MAIN ENTRY--PERSONAL NAME
Personal name Chua, Yan Piaw
9 (RLIN) 511
245 10 - TITLE STATEMENT
Title Asas statistik penyelidikan /
Statement of responsibility, etc. Chua Yan Piaw
260 ## - PUBLICATION, DISTRIBUTION, ETC.
Place of publication, distribution, etc. Shah Alam, Selangor :
Name of publisher, distributor, etc. McGraw-Hill (M),
Date of publication, distribution, etc. c2006
300 ## - PHYSICAL DESCRIPTION
Extent xvi, 221ms. :
Other physical details il. ;
Dimensions 26cm.
500 ## - GENERAL NOTE
General note Mengandungi indeks : ms. 219 - 221
504 ## - BIBLIOGRAPHY, ETC. NOTE
Bibliography, etc. note Bibliografi: ms. 206-208
650 10 - SUBJECT ADDED ENTRY--TOPICAL TERM
Topical term or geographic name entry element Statistics
9 (RLIN) 512
650 20 - SUBJECT ADDED ENTRY--TOPICAL TERM
Topical term or geographic name entry element Research
General subdivision Methodology
9 (RLIN) 513
942 ## - ADDED ENTRY ELEMENTS (KOHA)
Source of classification or shelving scheme
Koha item type Book
Holdings
Withdrawn status Lost status Source of classification or shelving scheme Damaged status Not for loan Collection code Home library Current library Shelving location Date acquired Inventory number Total Checkouts Full call number Barcode Date last seen Price effective from Koha item type
          NON-FICTION AKMAL Melaka AKMAL Melaka PINJAMAN 27.04.2017 000686   001.422 CHUA 201700550 27.04.2017 27.04.2017 Book
Pusat Sumber Maklumat Dato' Haji Sarmin Md Hussin, Akademi Kastam Diraja Malaysia, Melaka
Tel: 06-2331106 | Faks: 06-2313787